00429cam a22001337a 4500008004000000082001800040100004500058245004400103260002900147300000900176500002900185650005000214700003100264180718b2003 xxu||||| |||| 00| 0 eng d aI5135x5411 AR aAssam. Administrative Reforms Commission aAssam Administrative Reforms Commission aDispurbThe authorc2003 a26p. aChairman: Jatin Hazarika aAdministrative reorganisation - India - Assam aHazarika, Jatin (Chairman)